000 00579nam a2200193 a 4500
001 1772625972181
003 YourLibrary
005 20260304173725.0
008 260304s2008##################000#0#eng##
020 _a9780691136097
082 0 4 _a327.51
_bFRA
100 1 _aFravel, M. Taylor,
_eauthor.
245 1 0 _aStrong Borders, Secure Nation: Cooperation and Conflict in China's Territorial Disputes :
260 _bPrinceton University Press,
_c2008.
300 _a408 pages
650 0 _aPolitical Science.
942 _cENGLISH
040 _aYourLibrary
_beng
_cYourLibrary
999 _c616936
_d616936